[Event "Asia-ch Seniors 50"]
[Site "Larestan"]
[Date "2015.09.28"]
[Round "6"]
[White "Taraz, Shahrokh"]
[Black "Jooyandeh, Hassan"]
[Result "0-1"]
[WhiteElo "1854"]
[BlackElo "2028"]
[PlyCount "137"]
[EventDate "2015.09.25"]
[EventType "swiss"]
[EventRounds "9"]
[EventCountry "IRI"]
[SourceTitle "EXT 2017"]
[Source "ChessBase"]
[SourceDate "2016.10.25"]
[SourceVersion "1"]
[SourceVersionDate "2016.10.25"]
[SourceQuality "1"]

1. e4 e5 2. Nf3 d6 3. Bc4 Be7 4. 0-0 Nf6 5. Re1 0-0 6. h3 c6 7. c3 Nbd7 8. d4 Qc7 9. Bb3 h6 10. Nbd2 Re8 11. Nf1 Nf8 12. Ng3 Ng6 13. Nf5 Bf8 14. g4 exd4 15. Qxd4 c5 16. Qd3 Be6 17. Ba4 Red8 18. g5 Nh5 19. N3h4 Nxh4 20. Nxh4 Be7 21. f4 hxg5 22. fxg5 g6 23. Bd1 c4 24. Qf3 d5 25. e5 d4 26. cxd4 Rxd4 27. Ng2 Rd3 28. Qe4 Bf5 29. Qh4 Rxh3 30. Qf2 Ng3 31. Qf4 Rh1+ 32. Kf2 Rxe1 33. Kxe1 Ne4 34. Ne3 Bxg5 35. Qh2 Be6 36. Bc2 Nc5 37. Nd5 Qa5+ 38. Kf1 Qd8 39. Bxg5 Qxd5 40. Bf6 Qf3+ 41. Kg1 Qe3+ 42. Qf2 Qxf2+ 43. Kxf2 Nd7 44. Bg5 Nxe5 45. Re1 Nd7 46. Bxg6 fxg6 47. Rxe6 Rf8+ 48. Ke3 Kg7 49. Kd4 Nb6 50. Be7 Rf4+ 51. Ke5 Rf5+ 52. Kd4 Kf7 53. Re2 Rd5+ 54. Kc3 g5 55. Ba3 Kg6 56. Re7 Rd3+ 57. Kc2 Rd7 58. Re6+ Kf5 59. Re8 g4 60. Bc5 g3 61. Rg8 Kf4 62. Rf8+ Kg4 63. Rg8+ Kf3 64. Rf8+ Kg2 65. Rg8 Rd5 66. Be3 Rf5 67. Rg7 Nd5 68. Bxa7 b6 69. Bb8 0-1